| 000 | 00425nam a2200157Ia 4500 | ||
|---|---|---|---|
| 008 | 190430s9999 xx 000 0 und d | ||
| 100 | _aHernando-Malipot, Merlina | ||
| 245 | _aDepEd boosts veggies in schools program/ | ||
| 245 | _cMerlina Hernando-Malipot | ||
| 260 | _bManila Bulletin | ||
| 260 | _c2016 | ||
| 300 | _aDecember 27 | ||
| 440 | _aManila Bulletin | ||
| 650 | _aEducation | ||
| 650 | _avegetable promotion | ||
| 999 |
_c361767 _d361767 |
||